00894cam a2200253 i 4500001000300000003000400003005001700007008003900024015001700063040001400080041000800094080000700102080001200109100004900121245011600170260004800286300006000334504001200394650003000406655003000436700004800466700002900514856009700543bgBPK20190719115158.0020321s1977 pl a f f |001 0 pol aPB 1977/7326 aWA NcBPK0 apol a53 a(075.8)1 aHerman, Marian Augustynd(1936-2015).eAutor10aPodstawy fizyki dla kandydatów na wyższe uczelnie /cMarian Herman, Andrzej Kalestyński, Leszek Widomski. aWarszawa :bPańst. Wydaw. Naukowe,c1977. a569, [1] s., [2] k. tabl. :bil., tab., wykr. ;c25 cm. aIndeks. 4aFizykaxszkoły wyższe. 4aPodręczniki akademickie1 aKalestyński, Andrzejd(1927-2016).eAutor1 aWidomski, Leszek.eAutor uhttp://koha.tu.koszalin.pl/cgi-bin/koha/opac-detail.pl?biblionumber=2874yKatalog online BPK